[Event "Mittelfranken-chTB2a 1819"]
[Site "Mittelfranken"]
[Date "2019.03.03"]
[Round "6.8"]
[White "Lober, Wolfgang"]
[Black "Braun, Kristin"]
[Result "0-1"]
[WhiteElo "1597"]
[BlackElo "1870"]
[PlyCount "50"]
[EventDate "2018.10.14"]
[EventType "team-tourn"]
[EventRounds "9"]
[EventCountry "GER"]
[SourceTitle "EXT 2022"]
[Source "ChessBase"]
[SourceDate "2021.10.06"]
[SourceVersion "1"]
[SourceVersionDate "2021.10.06"]
[SourceQuality "1"]
[WhiteTeam "Cadolzburg"]
[BlackTeam "Jaecklechemie SC"]
[WhiteTeamCountry "GER"]
[BlackTeamCountry "GER"]

1. e4 c5 2. c3 d5 3. exd5 Qxd5 4. d4 Nf6 5. Nf3 Nc6 6. Be2 Bg4 7. c4 Qd8 8. d5 Bxf3 9. Bxf3 Nd4 10. 0-0 g6 11. Be3 Nxf3+ 12. Qxf3 Rc8 13. Nc3 Bg7 14. Rfe1 0-0 15. Rad1 Qd7 16. Bg5 h6 17. Bxf6 exf6 18. d6 Rfe8 19. Rxe8+ Rxe8 20. Ne4 f5 21. Nxc5 Qxd6 22. Nd3 Qa6 23. b3 Qxa2 24. Nc1 Qd2 25. Qd3 Re1+ 0-1

[Event "Mittelfranken-chTB2a 1819"]
[Site "Mittelfranken"]
[Date "2018.11.04"]
[Round "2.7"]
[White "Lober, Wolfgang"]
[Black "Wieczorek, Heinz"]
[Result "1/2-1/2"]
[WhiteElo "1597"]
[BlackElo "1673"]
[PlyCount "22"]
[EventDate "2018.10.14"]
[EventType "team-tourn"]
[EventRounds "9"]
[EventCountry "GER"]
[SourceTitle "EXT 2022"]
[Source "ChessBase"]
[SourceDate "2021.10.06"]
[SourceVersion "1"]
[SourceVersionDate "2021.10.06"]
[SourceQuality "1"]
[WhiteTeam "Cadolzburg"]
[BlackTeam "Nuernberg Sued SW IV"]
[WhiteTeamCountry "GER"]
[BlackTeamCountry "GER"]

1. e4 e5 2. Nf3 Nc6 3. d4 exd4 4. Nxd4 Bb4+ 5. c3 Bc5 6. Be3 Bb6 7. Bd3 Nge7 8. 0-0 0-0 9. Nd2 d5 10. Nxc6 bxc6 11. Bg5 f6 1/2-1/2

[Event "Mittelfranken-chTB2a 1819"]
[Site "Mittelfranken"]
[Date "2018.10.14"]
[Round "1.8"]
[White "Lober, Wolfgang"]
[Black "Martin, Hans"]
[Result "1/2-1/2"]
[WhiteElo "1597"]
[BlackElo "1699"]
[PlyCount "42"]
[EventDate "2018.10.14"]
[EventType "team-tourn"]
[EventRounds "9"]
[EventCountry "GER"]
[SourceTitle "EXT 2022"]
[Source "ChessBase"]
[SourceDate "2021.10.06"]
[SourceVersion "1"]
[SourceVersionDate "2021.10.06"]
[SourceQuality "1"]
[WhiteTeam "Cadolzburg"]
[BlackTeam "Buechenbach/Roth II"]
[WhiteTeamCountry "GER"]
[BlackTeamCountry "GER"]

1. e4 c6 2. c4 d5 3. cxd5 cxd5 4. exd5 Nf6 5. Nc3 Nxd5 6. Nf3 Nxc3 7. bxc3 e6 8. d4 Be7 9. Bd3 Nd7 10. 0-0 Nf6 11. Bg5 0-0 12. Rc1 Nd5 13. Bxe7 Nxe7 14. Bb1 Ng6 15. Qd3 Qf6 16. Rce1 Qf5 17. Qxf5 exf5 18. h4 Bd7 19. Ne5 Nxe5 20. Rxe5 Rfe8 21. Rfe1 g6 1/2-1/2

[Event "Mittelfranken-chTB2a 1718"]
[Site "Mittelfranken"]
[Date "2018.05.06"]
[Round "9.7"]
[White "Lober, Wolfgang"]
[Black "Kriener, Peter Georg"]
[Result "1/2-1/2"]
[WhiteElo "1626"]
[BlackElo "1669"]
[PlyCount "49"]
[EventDate "2017.10.08"]
[EventType "team-tourn"]
[EventRounds "9"]
[EventCountry "GER"]
[SourceTitle "EXT 2022"]
[Source "ChessBase"]
[SourceDate "2021.10.06"]
[SourceVersion "1"]
[SourceVersionDate "2021.10.06"]
[SourceQuality "1"]
[WhiteTeam "Cadolzburg"]
[BlackTeam "Rothenburg II"]
[WhiteTeamCountry "GER"]
[BlackTeamCountry "GER"]

1. e4 c6 2. c4 d5 3. cxd5 cxd5 4. exd5 Qxd5 5. Nc3 Qd8 6. d4 e6 7. Nf3 Nf6 8. Be2 Be7 9. 0-0 0-0 10. Bf4 a6 11. Rc1 Nc6 12. h3 h6 13. a3 Bd6 14. Ne5 Ne7 15. Bf3 Rb8 16. Qe2 Ned5 17. Bh2 Nxc3 18. Rxc3 Nd5 19. Rc2 f6 20. Nd3 Bxh2+ 21. Kxh2 Qd6+ 22. Kh1 Nf4 23. Nxf4 Qxf4 24. Rd1 Rd8 25. Rcd2 1/2-1/2

[Event "Mittelfranken-chTB2a 1718"]
[Site "Mittelfranken"]
[Date "2017.10.29"]
[Round "2.5"]
[White "Loy, Wolfgang"]
[Black "Lober, Wolfgang"]
[Result "1-0"]
[WhiteElo "1727"]
[BlackElo "1626"]
[PlyCount "99"]
[EventDate "2017.10.08"]
[EventType "team-tourn"]
[EventRounds "9"]
[EventCountry "GER"]
[SourceTitle "EXT 2022"]
[Source "ChessBase"]
[SourceDate "2021.10.06"]
[SourceVersion "1"]
[SourceVersionDate "2021.10.06"]
[SourceQuality "1"]
[WhiteTeam "Treuchtlingen/Wet SG"]
[BlackTeam "Cadolzburg"]
[WhiteTeamCountry "GER"]
[BlackTeamCountry "GER"]

1. d4 d5 2. c4 e6 3. Nc3 c5 4. Nf3 Nc6 5. Bf4 a6 6. e3 Nf6 7. a3 Bd6 8. Bxd6 Qxd6 9. dxc5 Qxc5 10. b4 Qe7 11. cxd5 exd5 12. Nxd5 Nxd5 13. Qxd5 0-0 14. Be2 Rd8 15. Qa2 Be6 16. Qb2 Rac8 17. 0-0 Bd5 18. Rfd1 Bxf3 19. Rxd8+ Rxd8 20. Bxf3 Ne5 21. Be2 Ng6 22. Qc2 Qg5 23. Rd1 Rxd1+ 24. Bxd1 Qd8 25. Bg4 Ne7 26. Bf3 Nc6 27. Bxc6 bxc6 28. f3 Qb6 29. Qe4 g6 30. Qe8+ Kg7 31. Qe5+ Kg8 32. Kf2 Qd8 33. Qd4 Qb8 34. g3 Qb5 35. h4 Qa4 36. Qd3 Kg7 37. g4 h6 38. g5 hxg5 39. hxg5 Kg8 40. f4 Kg7 41. Ke1 Kg8 42. Kd2 Kf8 43. Kc1 Ke8 44. Kb2 Kf8 45. Qc2 Qb5 46. Qc5+ Ke8 47. Qxb5 axb5 48. Kc3 Ke7 49. Kd4 Kd6 50. e4 1-0

[Event "Forchheim op-B 13th"]
[Site "Forchheim"]
[Date "2014.10.05"]
[Round "5"]
[White "Wolf, Pablo"]
[Black "Lober, Wolfgang"]
[Result "1/2-1/2"]
[WhiteElo "1635"]
[BlackElo "1711"]
[PlyCount "69"]
[EventDate "2014.10.03"]
[EventType "swiss"]
[EventRounds "5"]
[EventCountry "GER"]
[SourceTitle "EXT 2019"]
[Source "ChessBase"]
[SourceDate "2018.10.10"]
[SourceVersion "1"]
[SourceVersionDate "2018.10.10"]
[SourceQuality "1"]

1. e4 d5 2. exd5 Qxd5 3. d4 Nf6 4. Nc3 Qd8 5. Nf3 Bg4 6. Bc4 e6 7. h3 Bxf3 8. Qxf3 c6 9. Be3 Nbd7 10. 0-0 Bd6 11. Ne4 Nxe4 12. Qxe4 Nf6 13. Qd3 0-0 14. c3 Nd5 15. Bb3 Rc8 16. Bc2 g6 17. Bh6 Re8 18. Qd2 Qh4 19. Rae1 Bf4 20. Bxf4 Nxf4 21. g3 Nxh3+ 22. Kg2 Nf4+ 23. Qxf4 Qxf4 24. gxf4 c5 25. dxc5 Rxc5 26. Re5 Rc7 27. f5 gxf5 28. Bxf5 Rd8 29. Bxh7+ Kxh7 30. Rg5 Kh6 31. f4 Rd2+ 32. Kg3 Rd3+ 33. Kg2 Rd2+ 34. Rf2 Rcd7 35. Rb5 1/2-1/2

[Event "Forchheim op-B 13th"]
[Site "Forchheim"]
[Date "2014.10.03"]
[Round "1"]
[White "Krammer, Werner"]
[Black "Lober, Wolfgang"]
[Result "1-0"]
[WhiteElo "1529"]
[BlackElo "1711"]
[PlyCount "96"]
[EventDate "2014.10.03"]
[EventType "swiss"]
[EventRounds "5"]
[EventCountry "GER"]
[SourceTitle "EXT 2019"]
[Source "ChessBase"]
[SourceDate "2018.10.10"]
[SourceVersion "1"]
[SourceVersionDate "2018.10.10"]
[SourceQuality "1"]

1. e4 d5 2. exd5 Qxd5 3. Nc3 Qd8 4. d4 Nf6 5. Nf3 Bg4 6. Be2 c6 7. 0-0 e6 8. Bg5 Be7 9. h3 Bh5 10. Ne5 Bxe2 11. Nxe2 Nbd7 12. Nxd7 Qxd7 13. c3 Qd5 14. Be3 g5 15. Qb3 0-0-0 16. c4 Qf5 17. Qa4 Bd6 18. Qxa7 Bb8 19. Qa4 h5 20. b4 Qe4 21. b5 c5 22. dxc5 Qe5 23. Rfd1 Qh2+ 24. Kf1 Qh1+ 25. Ng1 g4 26. c6 Rd6 27. Rxd6 Bxd6 28. cxb7+ Kd8 29. Qa8+ Ke7 30. Qxh8 gxh3 31. gxh3 Qxb7 32. Qh6 Qe4 33. Rc1 Qd3+ 34. Ne2 Qf5 35. Qg5 Qxh3+ 36. Qg2 Qf5 37. c5 Be5 38. c6 Bb2 39. Rd1 Qc2 40. Re1 Ng4 41. Qf3 Be5 42. Bf4 Bxf4 43. Qxf4 Qd3 44. Qg3 Qxb5 45. Rc1 Qd5 46. c7 Qh1+ 47. Ng1 Nh2+ 48. Qxh2 Qxh2 1-0

[Event "Mittelfranken-chTB2b 1213"]
[Site "Germany"]
[Date "2012.10.21"]
[Round "2.8"]
[White "Lober, Wolfgang"]
[Black "Ruderer, Maximilian"]
[Result "0-1"]
[WhiteElo "1631"]
[BlackElo "1683"]
[PlyCount "58"]
[EventDate "2012.10.07"]
[EventType "team-tourn"]
[EventRounds "9"]
[EventCountry "GER"]
[SourceTitle "EXT 2019"]
[Source "ChessBase"]
[SourceDate "2018.10.10"]
[SourceVersion "1"]
[SourceVersionDate "2018.10.10"]
[SourceQuality "1"]
[WhiteTeam "Fuerth SG"]
[BlackTeam "Heideck/Hilpoltstein"]
[WhiteTeamCountry "GER"]
[BlackTeamCountry "GER"]

1. d4 d5 2. c4 e6 3. Nf3 Nf6 4. Nc3 Nc6 5. Bg5 Bb4 6. e3 Bd7 7. a3 Bxc3+ 8. bxc3 h6 9. Bh4 Na5 10. cxd5 exd5 11. Bd3 0-0 12. 0-0 Bg4 13. h3 Bh5 14. g4 Bg6 15. Bxg6 fxg6 16. g5 hxg5 17. Bxg5 Qd7 18. Kh2 Ne4 19. Bf4 Nc4 20. Qc2 Rf5 21. Ng1 g5 22. Bg3 Raf8 23. Qe2 Nxc3 24. Qg4 Ne4 25. Kg2 Ncd2 26. Rfc1 Nxf2 27. Qe2 Qe6 28. Qxd2 Qe4+ 29. Kh2 Qh1# 0-1

[Event "Forchheim op 10th"]
[Site "Forchheim"]
[Date "2011.10.08"]
[Round "2"]
[White "Lober, Wolfgang"]
[Black "Duerr, Florian"]
[Result "0-1"]
[WhiteElo "1692"]
[BlackElo "1845"]
[PlyCount "52"]
[EventDate "2011.10.07"]
[EventType "swiss"]
[EventRounds "5"]
[EventCountry "GER"]
[SourceTitle "CBM 144 Extra"]
[Source "ChessBase"]
[SourceDate "2011.10.28"]
[SourceVersion "1"]
[SourceVersionDate "2011.10.28"]
[SourceQuality "1"]

1. e4 e6 2. d4 d5 3. Nd2 Nf6 4. e5 Nfd7 5. Bd3 c5 6. c3 Nc6 7. Ne2 Be7 8. Nf3 a6 9. Be3 b5 10. Qd2 Bb7 11. a3 Na5 12. Nc1 cxd4 13. Bxd4 0-0 14. b4 Nc4 15. Qc2 h6 16. h4 a5 17. Bxc4 dxc4 18. Rb1 axb4 19. axb4 f6 20. Ne2 fxe5 21. Nxe5 Nxe5 22. Bxe5 Qd5 23. Bd4 e5 24. Be3 Qd3 25. Qc1 Ra2 26. Qd1 Rxe2+ 0-1

[Event "Nuremberg LGA Cup 3rd"]
[Site "Nuremberg"]
[Date "2006.09.09"]
[Round "4.71"]
[White "Lober, Wolfgang"]
[Black "Noettling, Dominik"]
[Result "1/2-1/2"]
[WhiteElo "1675"]
[BlackElo "1517"]
[PlyCount "64"]
[EventDate "2006.09.07"]
[EventType "swiss"]
[EventRounds "7"]
[EventCountry "GER"]
[SourceTitle "EXT 2022"]
[Source "ChessBase"]
[SourceDate "2021.10.06"]
[SourceVersion "1"]
[SourceVersionDate "2021.10.06"]
[SourceQuality "1"]

1. e4 e5 2. Bc4 Bc5 3. Nc3 Nf6 4. d3 d6 5. f4 Ng4 6. f5 h5 7. Nf3 Nf2 8. Qe2 Nxh1 9. Ng5 Rf8 10. Qxh5 Qd7 11. Be6 Qe7 12. Nd5 g6 13. Qh7 Bxe6 14. fxe6 Qd8 15. e7 Qxe7 16. Nxe7 Kxe7 17. Ke2 Nf2 18. Qh4 Kd7 19. Be3 Bxe3 20. Kxe3 Nxe4 21. Qxe4 Nc6 22. Rf1 f5 23. Qd5 Rae8 24. g4 f4+ 25. Kd2 a6 26. Qe4 Rg8 27. a4 b6 28. Qc4 a5 29. Ne4 Rgf8 30. Rf3 Re6 31. Ke1 Nb4 32. Kf2 d5 1/2-1/2